Foreigner #1: a novel of first contact / C. J. ... Read More
Available copies
- 1 of 1 copy available at LARL/NWRL Consortium.
Current holds
0 current holds with 1 total copy.
Show Only Available Copies
| Location | Call Number / Copy Notes | Barcode | Shelving Location | Status | Due Date |
|---|---|---|---|---|---|
| Thief River Falls Public Library | CHE (Text) | 35500001793577 | Main | Available | - |
Record details
- Physical Description: 378 p. ; 24 cm.
- Publisher: New York : DAW Books : c1994.
Search for related items by subject
| Subject: | Space colonies > Fiction. |
| Genre: | Science fiction. |
Search for related items by series
| LDR | 00895cam a2200265Ia 4500 | ||
|---|---|---|---|
| 001 | 13450 | ||
| 003 | LARL_NWRL_CONSORTIUM | ||
| 005 | 19940317143013.0 | ||
| 008 | 940121s1994 nyu 000 0 eng d | ||
| 020 | . | ‡c$20.00 | |
| 035 | . | ‡a(OCoLC)29664326 | |
| 090 | . | ‡aPS3553.H358 ‡bF67 1994x | |
| 092 | . | ‡aSF ‡bCHER | |
| 099 | . | ‡aChe | |
| 100 | 1 | . | ‡aCherryh, C. J. ‡0(LARL_NWRL_CONSORTIUM)57369 |
| 245 | 1 | 0. | ‡aForeigner ‡n#1: ‡ba novel of first contact / ‡cC. J. Cherryh. |
| 260 | . | ‡aNew York : ‡bDAW Books : ‡bDistributed by Penguin U.S.A., ‡cc1994. | |
| 300 | . | ‡a378 p. ; ‡c24 cm. | |
| 490 | 0 | . | ‡aForeigner universe ; ‡v1 |
| 650 | 0. | ‡aSpace colonies ‡vFiction. ‡0(LARL_NWRL_CONSORTIUM)167437 | |
| 655 | 7. | ‡aScience fiction. ‡2gsafd | |
| 901 | . | ‡a13450 ‡bOCLC ‡c13450 ‡tbiblio | |

Add to basket
Permalink
Disable Highlighting